Process plant equipment: operation, control and reliability

Guardat en:
Dades bibliogràfiques
Autors principals: Holloway, Michael D (Autor), Nwaoha, Chikezie (Autor), Onyewuenyi, Oliver A (Autor)
Format: Llibre
Idioma:anglès
Publicat: Hoboken John Wiley and Sons Inc. 2012
Edició:1a. ed
Matèries:
Etiquetes: Afegir etiqueta
Sense etiquetes, Sigues el primer a etiquetar aquest registre!

MARC

LEADER 00000cam a2200000 a 4500
001 UCE2580
003 CL-VaPUC
008 140710e20120000us |||||||||||||||||eng|d
020 |a 9781118022641 
082 0 4 |a 621.8  |b HOL  |2 21 
100 0 |a Holloway, Michael D  |e author  |9 575073 
700 0 |a Nwaoha, Chikezie  |e author  |9 575074 
700 0 |a Onyewuenyi, Oliver A  |e author  |9 575075 
245 1 0 |a Process plant equipment: operation, control and reliability 
250 |a 1a. ed 
300 |a 697 p 
942 |c BK 
945 |d 20140710 11:54:00  |a dcastane 
260 |a Hoboken  |b John Wiley and Sons Inc.  |c 2012 
650 0 |a Ingeniería de máquinas  |9 429329 
650 0 |a Plantas industriales  |9 364524 
650 7 |a EQUIPOS INDUSTRIALES  |2 CL-VaPUC  |9 390808 
583 |a last modification  |c 20140710 11:54:00  |k Rodrigo Vera 
999 |c 356170  |d 356168 
952 |0 0  |1 0  |3 erd  |4 0  |6 621_800000000000000_HOL_2012  |7 0  |8 A  |9 463341  |a BIBING  |b BIBING  |i 5089697  |o 621.8 HOL 2012  |p 5089697  |r 2025-01-20  |w 2019-11-23  |y BK  |z Catalogado en:20140710  |k EIQ